000 00350nam a2200121 a 4500
005 20140414131857.0
008 100827s19uu xx 00 eng d
050 _aFIL
_bAm6 1999
100 _aTobias, Mary Ann Manalang
245 _aAmor :
_bor, the bat who taught she was an owl.
260 _aManila, Philippines :
_bAdarna,
_c1999.
999 _c110501
_d110501